জৈব বিক্রিয়ার ক্রিয়া-পদ্ধতি ।=[Mechanisms of Organic Reactions] / (Record no. 55817)
[ view plain ]
| 000 -LEADER | |
|---|---|
| fixed length control field | 00964nam a2200229 a 4500 |
| 001 - CONTROL NUMBER | |
| control field | 55817 |
| 003 - CONTROL NUMBER IDENTIFIER | |
| rucl marc code | BD-RjUL |
| 005 - DATE AND TIME OF LATEST TRANSACTION | |
| control field | 20211209080322.0 |
| 008 - FIXED-LENGTH DATA ELEMENTS--GENERAL INFORMATION | |
| fixed length control field | 161122s1988 bg ||||| |||| 00| 0 ben d |
| 035 ## - SYSTEM CONTROL NUMBER | |
| System control number | (BD-RjUL)55941 |
| 040 ## - CATALOGING SOURCE | |
| Original cataloging agency | BD-RjUL |
| Language of cataloging | ben |
| Transcribing agency | BD-RjUL |
| Modifying agency | BD-RjUL |
| 041 ## - LANGUAGE CODE | |
| Language code of text/sound track or separate title | ben |
| 082 ## - DEWEY DECIMAL CLASSIFICATION NUMBER | |
| Edition number | 23 |
| Classification number | 547.2 |
| Author mark and year | AHJ 1988 |
| 100 ## - MAIN ENTRY--PERSONAL NAME | |
| Personal name | আহমেদ, মফিজ-উদ-দীন |
| 9 (RLIN) | 166192 |
| 245 10 - TITLE STATEMENT | |
| Title | জৈব বিক্রিয়ার ক্রিয়া-পদ্ধতি ।=[Mechanisms of Organic Reactions] / |
| Statement of responsibility, etc. | মফিজ-উদ-দীন আহমেদ |
| 260 ## - PUBLICATION, DISTRIBUTION, ETC. (IMPRINT) | |
| Place of publication, distribution, etc. | ঢাকা : |
| Name of publisher, distributor, etc. | বাংলা একাডেমী, |
| Date of publication, distribution, etc. | ১৯৮৮. |
| 300 ## - PHYSICAL DESCRIPTION | |
| Pagination | [৪], ৪৪১ পৃ. |
| Illustrations | চিত্র ; |
| Size | ২১ সেমি. |
| 500 ## - GENERAL NOTE | |
| General note | নির্ঘন্ট সংযুক্ত |
| 650 ## - SUBJECT ADDED ENTRY--TOPICAL TERM | |
| Topical term or geographic name as entry element | জৈব রসায়ন প্রতিক্রিয়া |
| 9 (RLIN) | 166193 |
| Topical term or geographic name as entry element | Organic Chemistry reactions |
| 9 (RLIN) | 166194 |
| 942 ## - ADDED ENTRY ELEMENTS (KOHA) | |
| Source of classification or shelving scheme | Dewey Decimal Classification |
| Koha item type | Books |
| Lost status | Source of classification or shelving scheme | Damaged status | Not for loan | Collection code | Permanent Location | Current Location | Shelving location | Date acquired | Source of acquisition | Cost, normal purchase price | Total Checkouts | Full call number | Date last seen | Copy number | Koha item type |
|---|---|---|---|---|---|---|---|---|---|---|---|---|---|---|---|
| Dewey Decimal Classification | Non-fiction | Central Library, University of Rajshahi | Central Library, University of Rajshahi | 30/06/1990 | Bangla Academy, Dhaka. | 130.00 | B 547.2 AHJ 1988 | 22/11/2016 | C-2 | Books | |||||
| Dewey Decimal Classification | Not For Loan | Non-fiction | Central Library, University of Rajshahi | Central Library, University of Rajshahi | Reading Room | 10/02/1990 | Bangla Academy, Dhaka. | B 547.2 AHJ 1988 | 26/04/2017 | C-1 | Books |